[Event "33rd ECCC Open 2017"]
[Site "Antalya"]
[Date "2017.10.13"]
[Round "6"]
[White "Stevic, Hrvoje"]
[Black "Vocaturo, Daniele"]
[Result "0-1"]
[WhiteElo "2616"]
[BlackElo "2607"]
[Annotator "TA"]
[PlyCount "150"]
[EventType "team-tourn"]
[EventCountry "TUR"]
[SourceTitle "playchess.com"]
[Source "ChessBase"]
[SourceQuality "1"]
[WhiteTeam "Nice Alekhine"]
[BlackTeam "Padova"]

{[%evp 21,150,0,0,0,0,0,0,0,-2,0,-8,0,-2,9,0,-13,-11,-8,-8,-24,-33,-48,-48,-54,-54,-58,-50,-79,-79,-87,-83,-83,-81,-83,-75,-75,-75,-75,-79,-92,-91,-101,-101,-101,-101,-101,-92,-101,-101,-101,-101,-101,-97,-101,-101,-101,-101,-106,-106,-101,0,-101,-101,-101,-93,-101,-101,-101,-93,-101,0,-101,-92,-92,-92,-101,-92,-92,-92,-101,-101,-102,-92,-92,-92,-92,-88,-88,-88,-86,-56,-62,-56,-55,-41,-41,-41,-87,-88,-97,-97,-185,-185,-185,-185,-185,-185,-29986,-5494,-1565,-199,-159,0,-185,0,-29986,-29971,-29986,-245,-29977,-29980,-29993,-29994,-29994,-29995,-29996,-29997,-29997,-29998,-29998,-29999]} 1. e4 c5 2. c3 d5 3. exd5 Qxd5 4. d4 g6 5. Nf3 Bg7 6. Na3 cxd4 7. Bc4 {B06: Modern Defence} (7. Nb5 Na6 8. Nbxd4 Nf6 9. Bb5+ Bd7 10. Bxd7+ Nxd7 11. O-O O-O 12. Qe2 e5 13. Nb5 e4 14. Ng5 Ndc5 {0-1 (41) Dubov,D (2661)-Svidler,P (2727) Berlin 2015}) 7... Qe4+ 8. Be3 Nh6 9. cxd4 O-O 10. O-O Bg4 11. Bxh6 Bxh6 {LiveBook: 17 Games} 12. Re1 Bxf3 13. Rxe4 Bxd1 14. Rxd1 Bg5 15. Re5 $146 Bf6 16. Rb5 Nc6 17. d5 Nd8 18. Be2 b6 19. Nc4 Nb7 20. a4 Rac8 21. a5 Nxa5 22. Nxa5 bxa5 23. Rxa5 Rc2 24. Bf1 Rb8 25. Rxa7 Rbxb2 26. f3 Rd2 27. Raa1 Kg7 28. Rac1 h5 {[%cal Bh7h5,Bh5h4][%mdl 32]} 29. Rxd2 Rxd2 $17 {[%mdl 4096] Endgame KRB-KRB} 30. Bc4 h4 31. h3 Bd4+ 32. Kh1 Be5 33. Bb3 Kf6 34. Rd1 Rb2 35. Ba4 Bd6 36. Be8 Rb8 37. Bc6 g5 38. Re1 Rb2 39. Rd1 Ke5 40. Be8 Kf6 (40... f6 $17 41. Bf7 Kf4) 41. Kg1 (41. Bc6 $1 $11) 41... Bc5+ 42. Kh2 Rb8 43. Ba4 Ke5 44. Bc6 Bd6 45. Bd7 Bc5 46. Bc6 Kd6 47. Ba4 Be3 48. Kh1 Bf2 49. Kh2 Kc5 50. Kh1 Bd4 51. Bc6 Be3 52. Ba4 Bf2 53. Bd7 Kd6 54. Ba4 Ke5 55. Kh2 Kf4 56. d6 exd6 57. Rxd6 Ke3 {( -> ...Bg3+)} (57... Rb4 {is interesting.} 58. Bc2 Bd4 59. Be4 Ke3 60. Rc6 f6) 58. Rd1 Ke2 59. Kh1 Be3 60. Kh2 Kf2 61. Bc2 (61. f4 $17) 61... Bf4+ $19 62. Kh1 Rb2 63. Bd3 Kg3 64. Bf1 $2 (64. Re1 $19) 64... Be3 (64... f5 $142 65. Re1 Bd6 66. Rc1 Bf4 67. Re1 Bd6 68. Rc1 Bf4 69. Re1) 65. Re1 Kf2 $2 (65... Rf2 66. Rd1 Bf4) 66. Rd1 Bf4 67. Bd3 $1 Kg3 $2 (67... f6 $19 68. Rb1 Rd2) 68. Bf1 f6 {[%cal Bf7f6,Bf6f5,Bf5f4,Bf4f3][%mdl 32]} 69. Ra1 Rf2 $2 (69... f5 {mates} 70. Kg1 Be3+ 71. Kh1 Rf2 72. Re1 g4 73. f4 Bxf4 74. Bc4 Bd2 75. Rg1 Be3 76. hxg4 Rc2 77. Bb3 Rb2 78. Rf1 Rxb3 79. gxf5 h3 80. Rf3+ Kg4 81. Kh2 Bf4+ 82. Rxf4+ Kxf4 83. f6 hxg2 84. f7 Rb8 85. Kxg2 Rf8 86. Kf1 Rxf7 87. Ke2 Rd7 88. Kf2 Rd2+ 89. Ke1 Ke3 90. Kf1 Kf3 91. Kg1 Rd1+ 92. Kh2 Ra1 93. Kh3 Rh1#) 70. Rd1 $2 (70. Bc4 $19) 70... Be3 {Black mates.} 71. Rb1 f5 72. Re1 f4 73. Rb1 {[#]} g4 $1 {[%mdl 512]} 74. fxg4 f3 75. Re1 {[#]} Rxf1+ $1 {[%mdl 512] Precision: White = 40%, Black = 71%.} 0-1

[Event "33rd ECCC Open 2017"]
[Site "Antalya"]
[Date "2017.10.13"]
[Round "6"]
[White "Bartel, Mateusz"]
[Black "Georgescu, Tiberiu-Marian"]
[Result "0-1"]
[WhiteElo "2613"]
[BlackElo "2459"]
[Annotator "TA"]
[PlyCount "92"]
[EventType "team-tourn"]
[EventCountry "TUR"]
[SourceTitle "playchess.com"]
[Source "ChessBase"]
[SourceQuality "1"]
[WhiteTeam "Novy Bor"]
[BlackTeam "Baia Mare"]

{[%evp 24,92,32,36,46,14,77,50,66,31,23,19,26,12,12,10,17,22,64,48,72,18,16,18,21,20,21,7,8,0,0,0,10,6,10,10,25,0,0,0,0,-27,-29,-44,0,0,8,8,18,0,0,0,-3,-129,-114,-171,-171,-171,-168,-406,-406,-29980,-29981,-29981,-29982,-29982,-29982,-29988,-29989,-29991,-29992]} 1. e4 e5 2. Nf3 Nc6 3. d4 exd4 4. Nxd4 Nf6 5. Nxc6 bxc6 6. e5 Qe7 7. Qe2 Nd5 8. Nd2 g6 9. c4 {C45: Schottische Partie} Nb6 (9... Ba6 10. Nf3 Nb6 11. b3 Bg7 12. Bg5 Qa3 13. Bc1 Qe7 14. Bg5 Qa3 15. Qd2 d6 16. Bf6 Bxf6 17. exf6 O-O-O {½-½ (59) Wei,Y (2725)-Ganguly,S (2644) Liaocheng 2017}) 10. Ne4 Bg7 11. Nf6+ Bxf6 12. exf6 Qxe2+ 13. Bxe2 {LiveBook: 3 Partien} Bb7 14. a4 $146 {[%cal Ba2a4,Ba4a5][%mdl 32] Schwarz muss nun a5 beachten.} ({Vorgänger:} 14. Be3 d6 15. O-O-O c5 16. b4 O-O-O 17. bxc5 dxc5 18. Bxc5 Bxg2 {1-0 (32) Trevisan,L (2158)-Turrin,O Latschach 2005}) 14... d5 (14... d6 $1 $11) 15. Bh6 O-O-O 16. a5 Nxc4 17. a6 Ba8 18. Bxc4 dxc4 19. O-O Rhe8 20. Be3 Rd6 21. Rfc1 c5 22. Rxc4 (22. Bxc5 $16 Rc6 23. Be7 (23. Bxa7 Ree6 $14) (23. Rxc4 Rxa6 24. Rac1 Rc6 $14)) 22... Ree6 $11 23. Rca4 Be4 24. Bxc5 Bc2 25. Bxd6 Bxa4 {[%mdl 4096] Endspiel KTL-KTL} 26. Be7 Rxa6 27. g4 h6 28. f3 Kb7 29. Kf2 Bb3 30. Rg1 Rc6 31. Kg3 Rc2 32. h4 Rxb2 33. Ba3 Ra2 34. Bf8 {Und Tb1 würde nun gewinnen.} a5 35. Bxh6 a4 36. Bf8 Rd2 37. Kf4 Rd5 {Droht ...c5 und aus.} 38. Rh1 (38. Ba3 $11 {hält das Gleichgewicht.}) 38... c5 $1 $17 {Droht stark ...Kc6.} 39. h5 {[#]} (39. Be7 $17 {war angesagt.}) 39... gxh5 $1 $19 40. gxh5 {[#] Droht h6.} a3 $1 {[%cal Ra3a2]} 41. h6 $2 (41. Rb1 Rd3 42. Bxc5) 41... a2 {( -> ...Ld1)} 42. h7 (42. Ra1 $19 Rd1 43. Rxa2 Bxa2 44. Bxc5) 42... Bd1 {Schwarz setzt Matt.} 43. Rxd1 Rxd1 44. h8=Q a1=Q 45. Bxc5 Qc1+ 46. Be3 Rd4+ $1 {Precision: Weiß = 26%, Schwarz = 72%.} 0-1

[Event "33rd ECCC Open 2017"]
[Site "Antalya"]
[Date "2017.10.13"]
[Round "6"]
[White "Mamedov, Nidjat"]
[Black "Hammer, Jon Ludvig"]
[Result "1/2-1/2"]
[WhiteElo "2596"]
[BlackElo "2632"]
[Annotator "TA"]
[PlyCount "53"]
[EventType "team-tourn"]
[EventCountry "TUR"]
[SourceTitle "playchess.com"]
[Source "ChessBase"]
[SourceQuality "1"]
[WhiteTeam "Genc"]
[BlackTeam "Oslo"]

{[%evp 28,53,23,11,16,19,19,0,0,0,20,7,7,3,14,0,7,0,19,19,21,22,24,0,20,0,28,0]} 1. e4 e5 2. Nf3 Nc6 3. Bb5 Nf6 4. O-O Nxe4 5. Re1 Nd6 6. Nxe5 Be7 7. Bf1 Nxe5 8. Rxe5 O-O 9. d4 Bf6 10. Re1 Re8 {C67: Ruy Lopez: Berlin Defence: 4 0-0 Nxe4} (10... Nf5 11. d5 d6 12. Nd2 Re8 13. Ne4 Bd7 14. c3 h6 15. Bd3 Nh4 16. g3 Ng6 17. f4 c6 18. Be3 {½-½ (70) Anand,V (2786)-Kramnik,V (2808) Leuven 2017}) 11. c3 Rxe1 12. Qxe1 Qe8 13. Qxe8+ Nxe8 14. Bf4 d5 15. Nd2 {LiveBook: 3 Games} Be7 16. Re1 Kf8 {[#]} 17. Bb5 $146 ({Predecessor:} 17. Bd3 Bd6 18. Bxd6+ Nxd6 {½-½ (33) Maze,S (2546)-Bacrot,E (2703) Geneve 2012}) 17... c6 $1 {[%cal Rc6b5]} 18. Bd3 h6 19. Nb3 a5 20. a4 Nd6 21. Nd2 Bd7 22. Nf3 b6 23. Ne5 Be8 24. Ng4 Bd7 25. Ne5 Be8 26. Ng4 Bd7 27. Ne5 {Precision: White = 29%, Black = 64%.} 1/2-1/2

[Event "33rd ECCC Open 2017"]
[Site "Antalya"]
[Date "2017.10.14"]
[Round "6"]
[White "Abasov, Nijat"]
[Black "Rodshtein, Maxim"]
[Result "1/2-1/2"]
[WhiteElo "2587"]
[BlackElo "2699"]
[Annotator "TA"]
[PlyCount "123"]
[EventType "team-tourn"]
[EventCountry "TUR"]
[SourceTitle "playchess.com"]
[Source "ChessBase"]
[SourceQuality "1"]
[WhiteTeam "Odlar Yurdu"]
[BlackTeam "Mednyi Vsadnik"]

{[%evp 9,123,36,63,22,29,35,29,31,42,46,47,19,43,16,44,43,49,40,66,57,66,0,0,0,0,-13,25,20,32,12,29,31,25,-16,77,77,67,75,84,92,97,32,27,24,31,17,18,24,24,24,22,29,29,26,38,18,23,14,14,14,14,15,15,15,8,0,0,0,0,0,0,0,15,17,43,43,43,41,44,36,51,50,47,60,88,75,214,174,212,164,250,244,242,244,225,48,789,779,230,342,737,619,510,72,44,0,0,0,0,0,0,0,0,0,0,0]} 1. e4 e6 2. d4 d5 3. exd5 exd5 4. Nf3 Bf5 5. Bd3 Bg6 6. Qe2+ {C01: French: Exchange Variation} Qe7 7. Be3 Bxd3 8. Qxd3 {White has an edge.} Nc6 9. O-O Qd7 $146 ({Predecessor:} 9... O-O-O 10. Nbd2 f6 11. c3 Qf7 12. b4 Qg6 13. Qe2 Nge7 14. Nb3 {0-1 (56) Guliyev,N (2539)-Istratescu,A (2641) Plancoet 2012}) 10. Nc3 Nge7 11. Bf4 Ng6 12. Bg3 Be7 13. Rfe1 a6 14. h4 h5 15. Ne5 ({White should play} 15. Rad1 $14) 15... Ngxe5 $11 16. dxe5 O-O-O 17. Rad1 {[%cal Rc3d5]} d4 18. Ne4 Qg4 19. a3 f5 20. exf6 $1 gxf6 21. Qc4 f5 (21... Kb8 $11) 22. Qe6+ $1 $16 Kb8 23. f3 Qg7 24. Qxf5 Rhg8 {[%cal Bh8g8,Bg8g5,Bg5b5][%mdl 32] aiming for ...Bxh4!} 25. Ng5 ({Don't play} 25. Qxh5 $6 Bd6 $11) (25. Rd2 $16) 25... Bxg5 $14 26. hxg5 {And now Be5 would win.} Rdf8 27. Qd5 Qxg5 28. Qxg5 Rxg5 29. Bh4 Rb5 30. b3 Ra5 31. Re6 Rff5 32. a4 Rac5 33. Rd2 b6 34. Bf2 Rc3 35. Re4 d3 36. Rxd3 Rxc2 37. Bg3 Rf7 38. Rd5 Rb2 39. Rxh5 Rxb3 40. Reh4 Rc3 41. Rh7 Re7 42. Rxe7 Nxe7 {[%mdl 4096] Endgame KRB-KRN} 43. Rh7 Nd5 44. Be5 Rc1+ 45. Kh2 Rc2 46. Kh3 Re2 47. f4 b5 (47... Re1 $16 {keeps fighting.} 48. Rf7 Kb7) 48. axb5 $1 $18 axb5 49. g4 $1 {[%cal Bg2g4,Bg4g5,Bg5g6][%mdl 32]} b4 (49... Re1 $142 50. Kg3 Re3+ 51. Kg2 Re2+ 52. Kf3 Re3+ 53. Kf2 Re4) 50. g5 b3 {White must now prevent ...Rxe5!} 51. Kg4 Kc8 52. Kf5 $2 (52. Rh3 $1 $18) 52... c5 $2 {[%mdl 8192]} (52... b2 $14 53. Bxb2 Rxb2) 53. g6 b2 {[#]} 54. Bxb2 $1 {[%mdl 512]} Rxb2 {KRN-KR} 55. Ke5 Rg2 {[#]} 56. f5 $1 ({Weaker is} 56. Kxd5 Rxg6 57. f5 (57. Kxc5 Kd8 $11) 57... Ra6 $11) 56... Nc7 57. Kd6 Ne8+ {The position is equal.} 58. Kxc5 Kd8 59. Rf7 Rg1 60. Kd5 Rd1+ 61. Ke5 Re1+ 62. Kd4 {Precision: White = 70%, Black = 61%.} 1/2-1/2

[Event "33rd ECCC Open 2017"]
[Site "Antalya"]
[Date "2017.10.13"]
[Round "6"]
[White "Goganov, Aleksey"]
[Black "Mirzoev, Azer"]
[Result "1/2-1/2"]
[WhiteElo "2571"]
[BlackElo "2555"]
[Annotator "TA"]
[PlyCount "128"]
[EventType "team-tourn"]
[EventCountry "TUR"]
[SourceTitle "playchess.com"]
[Source "ChessBase"]
[SourceQuality "1"]
[WhiteTeam "Mednyi Vsadnik"]
[BlackTeam "Odlar Yurdu"]

{[%evp 26,128,63,63,91,67,74,60,106,111,84,50,74,79,72,56,65,62,91,75,73,60,88,61,107,83,100,91,78,39,33,31,55,32,33,27,41,13,14,14,35,36,33,2,56,34,32,0,56,0,0,-8,-8,-8,-6,-4,0,0,0,0,26,26,26,27,25,25,25,25,25,24,27,20,23,18,22,0,0,0,0,0,0,0,0,0,0,0,0,0,0,0,0,0,0,0,0,0,0,0,0,0,0,0,0,0,0]} 1. d4 d5 2. c4 dxc4 3. e3 Nf6 4. Bxc4 a6 5. Nf3 e6 6. O-O c5 7. Nc3 b5 8. Be2 Bb7 9. dxc5 Qxd1 10. Rxd1 Bxc5 11. Nd2 {[%cal Bf3d2,Bd2b3,Bb3d4,Bd4f5][%mdl 32] D27: Angenommenes Damengambit (Hauptvariante 7.e4, 7.a4)} Nbd7 (11... Be7 12. Nb3 Nc6 13. e4 O-O 14. Be3 Rfd8 15. Bb6 Rxd1+ 16. Rxd1 Kf8 17. Nc5 Bc8 18. a3 Ke8 19. Nxb5 axb5 20. Bxb5 Bxc5 21. Bxc6+ {½-½ (55) Li,C (2720)-Xiong,J (2658) Khanty-Mansiysk 2017}) 12. Nb3 Bb6 13. a4 b4 14. a5 {LiveBook: 9 Partien} Ba7 15. Na2 Bd5 $1 {[%cal Rd5b3]} 16. Nd4 e5 $146 ({Vorgänger:} 16... Bc5 17. Bd2 e5 18. Nf3 b3 {1-0 (37) Schwarz,M (2402)-Diermair,A (2391) Austria 2007}) 17. Nf5 Bb3 18. Re1 {[%cal Bd1e1,Be1c1,Bc1c6][%mdl 32]} (18. Nxb4 $6 Bxd1 19. Bxd1 Bc5 $11) (18. Bd2 {keeps more tension.} g6 19. Nd6+ Ke7 20. Bxb4 Bc5 21. Bxc5 Nxc5 22. Nb4) 18... g6 {[#] Droht ...Lxa2 und aus.} 19. Ng3 $1 Bc5 20. Bd2 Bxa2 $1 21. Rxa2 Ke7 22. Ra4 Rhb8 23. Rc1 Ra7 24. Be1 h5 25. Nf1 Bd6 26. Rc6 e4 27. Ra1 Be5 28. Rb1 ({Viel schwächer wäre} 28. Bxa6 Bxb2 29. Rd1 Bc3 $17) (28. Rxa6 Rxa6 29. Bxa6 Bxb2 $15) 28... Bc7 29. Nd2 ({Viel schlechter ist} 29. Bxa6 Ne5 $11) 29... Bxa5 30. Nb3 Bc7 31. Rxa6 Rxa6 32. Bxa6 Ng4 33. h3 Nge5 34. Nd4 Bd6 (34... Nc5 $11 35. Be2 Kf6) 35. Be2 Rb6 36. Ra1 Nc6 (36... Nc5 $11) 37. Nxc6+ (37. Kf1 $14) 37... Rxc6 $11 38. Bb5 Rc7 39. Kf1 Ne5 40. b3 f5 41. Be2 Kf6 42. f4 exf3 43. gxf3 g5 44. f4 gxf4 $1 45. exf4 Ng6 46. Ra6 Ke7 47. Bc4 Nxf4 48. Bg3 Be5 49. Ra5 Kd6 {Die Stellung ist ausgeglichen.} 50. Bxf4 (50. Bh4 {is more complex.} Rc6 51. Rb5 Rc7 52. Be1 Bc3 53. Bg3) 50... Bxf4 51. Rxf5 {[%mdl 4096] Endspiel KTL-KTL} Be5 52. Ke2 h4 53. Rh5 Re7 54. Kf3 Bg3 55. Rb5 Be1 56. Rd5+ Kc6 57. Rd4 Kc5 58. Rd5+ Kc6 59. Rd4 Kc5 60. Rg4 (60. Rd5+ {seems wilder.}) 60... Kc6 61. Bd3 Kb6 62. Be4 Kc5 63. Bd3 Kb6 64. Rc4 Bd2 {Precision: Weiß = 51%, Schwarz = 67%.} 1/2-1/2

[Event "33rd ECCC Open 2017"]
[Site "Antalya"]
[Date "2017.10.13"]
[Round "6"]
[White "David, Alberto"]
[Black "Lagarde, Maxime"]
[Result "1-0"]
[WhiteElo "2569"]
[BlackElo "2594"]
[Annotator "TA"]
[PlyCount "83"]
[EventType "team-tourn"]
[EventCountry "TUR"]
[SourceTitle "playchess.com"]
[Source "ChessBase"]
[SourceQuality "1"]
[WhiteTeam "Padova"]
[BlackTeam "Nice Alekhine"]

{[%evp 14,83,0,0,20,14,10,9,18,26,49,41,52,25,41,27,43,22,30,10,38,36,53,62,64,44,88,52,61,25,202,211,214,212,206,210,243,235,234,227,217,237,233,233,275,257,418,398,383,379,464,478,467,440,491,449,438,438,514,306,308,300,297,307,310,303,277,269,635,618,1586,1593]} 1. e4 e6 2. d3 d5 3. Qe2 Nc6 4. Nf3 dxe4 5. dxe4 e5 6. c3 a5 {C00: French: Unusual White 2nd moves} 7. Qc2 Bc5 8. Bb5 {LiveBook: 8 Games} Qf6 {The position is equal.} 9. Nbd2 Nge7 10. Nc4 $146 {aiming for Bg5.} ({Predecessor:} 10. Nf1 O-O 11. Ng3 Bg4 12. Ng5 h6 13. h3 Bd1 14. Kxd1 hxg5 {0-1 (22) Bologan,V (2672)-Ponkratov,P (2605) Khanty-Mansiysk 2013}) 10... O-O 11. Be3 Bxe3 12. Nxe3 Nd8 13. Be2 Ng6 14. g3 Bh3 15. Ng1 Be6 16. h4 Re8 17. Nf3 $36 {[%mdl 2048] White has good play.} c6 18. a4 h6 19. Rd1 Ne7 20. Nh2 Qg6 21. Nc4 f6 $2 (21... Bxc4 $11 22. Bxc4 Ne6) 22. Nd6 $18 {And now h5 would win.} Rf8 23. h5 Qh7 24. Nf3 Rb8 {[#]} 25. Nh4 $1 Nf7 26. Nxf7 Bxf7 27. Rd7 Rfe8 {[#]} 28. O-O $1 Kh8 29. b4 b6 $2 (29... axb4 {is a better defense.} 30. cxb4 Qg8) 30. bxa5 bxa5 31. Rb1 Rxb1+ 32. Qxb1 Qg8 33. Qb6 Kh7 34. Qc5 Qf8 35. Bg4 Kg8 36. Rc7 f5 37. Bxf5 ({But not} 37. exf5 $6 Nd5 $18) (37. Nxf5 Nxf5 38. Qxf8+ Kxf8 $16) 37... Nxf5 38. Qxf8+ Kxf8 39. Nxf5 Ra8 40. g4 {[%cal Bg3g4,Bg4g5][%mdl 32]} Bb3 $2 (40... c5 41. f3 (41. Rxc5 Bb3 $16) 41... Be8 42. Nxg7 (42. Rxc5 Bxa4 43. Rxe5 Be8 $16) 42... Bxa4 43. Ne6+ Kg8) 41. Rxg7 Bxa4 42. g5 {Precision: White = 69%, Black = 32%.} 1-0

[Event "33rd ECCC Open 2017"]
[Site "Antalya"]
[Date "2017.10.13"]
[Round "6"]
[White "Postny, Evgeny"]
[Black "Najer, Evgeniy"]
[Result "1/2-1/2"]
[WhiteElo "2569"]
[BlackElo "2699"]
[Annotator "TA"]
[PlyCount "82"]
[EventType "team-tourn"]
[EventCountry "TUR"]
[SourceTitle "playchess.com"]
[Source "ChessBase"]
[SourceQuality "1"]
[WhiteTeam "Beer Sheva"]
[BlackTeam "Legacy Square Capital"]

{[%evp 14,82,23,24,35,25,30,8,6,-1,0,-2,-22,-32,-46,-25,-33,-49,-42,-31,-48,-68,-68,-87,-89,-89,-89,-93,-77,-97,-47,-104,-59,-117,0,0,0,-50,0,-57,-45,-41,-14,-115,-111,-92,-4,-4,-4,-4,-5,-5,0,0,0,-15,0,0,0,0,0,0,0,0,0,0,0,0,0,0,0]} 1. d4 Nf6 2. c4 e6 3. Nf3 Bb4+ 4. Bd2 c5 5. Bxb4 cxb4 6. a3 bxa3 7. Nxa3 O-O {E11: Bogo-Indian} 8. e3 {LiveBook: 17 Games} Nc6 9. Be2 b6 {White has an edge.} 10. Nc2 $146 ({Predecessor:} 10. O-O Bb7 11. Nb5 d5 12. cxd5 Nxd5 13. Ra3 Qe7 {½-½ (13) Gavrilov,A (2491)-Yemelin,V (2562) Tallinn 2008}) 10... Bb7 11. b4 a5 12. bxa5 Nxa5 13. Na3 Ne4 14. Nb5 Ng5 15. Nd6 Nxf3+ 16. gxf3 Ba6 17. Rc1 Qe7 18. c5 bxc5 19. dxc5 Bxe2 20. Kxe2 Nc6 21. Qd2 Ra4 22. Qc3 ({White should play} 22. Ra1 $15 Rxa1 23. Rxa1) 22... Qg5 23. Ra1 {[#]} (23. Rhg1 $15 Ra2+ 24. Kf1) 23... Rh4 (23... Rxa1 $1 $17 24. Rxa1 Qh5) 24. Rhg1 $11 Qh6 25. Rad1 f6 26. Ne4 (26. Nc4 $11 Rd8 27. Nb6) 26... Ne5 (26... Rxe4 $5 27. fxe4 Ne5 $11) 27. c6 Rxe4 28. fxe4 (28. cxd7 $11 Rc4 {[#]} 29. Qxc4 $3 {[%mdl 512]} Nxc4 30. d8=Q Rxd8 31. Rxd8+ Kf7 32. Rd7+ Kf8 33. Ra1) 28... Qh5+ $17 ({Don't do} 28... dxc6 29. Rg3 $15) 29. Kd2 Rc8 (29... Nf3+ $2 30. Kc2 $19) (29... dxc6 $17 {aiming for ...Nf3+.} 30. Kc1 Rb8) 30. c7 $11 {The position is equal.} Qxh2 31. Ke2 $132 {[%mdl 2048] White is not keeping still} Qh5+ 32. Kd2 Qh2 33. Ke2 Qh5+ 34. Kd2 Qf3 35. Ke1 $1 Qxe4 36. f4 $1 {[%cal Rf4e5]} Nf3+ 37. Kf2 Nxg1 38. Rxd7 Nh3+ 39. Kg3 {Hoping for Rd8+.} Ng1 {( -> ...Qf3+)} 40. Kf2 {Strongly threatening Rd8+.} Nh3+ 41. Kg3 {And now Rd8+ would win.} Ng1 {Precision: White = 40%, Black = 58%.} 1/2-1/2

[Event "33rd ECCC Open 2017"]
[Site "Antalya"]
[Date "2017.10.14"]
[Round "6"]
[White "Wagner, Dennis"]
[Black "Brunello, Sabino"]
[Result "0-1"]
[WhiteElo "2564"]
[BlackElo "2555"]
[Annotator "TA"]
[PlyCount "124"]
[EventType "team-tourn"]
[EventCountry "TUR"]
[SourceTitle "playchess.com"]
[Source "ChessBase"]
[SourceQuality "1"]
[WhiteTeam "Nice Alekhine"]
[BlackTeam "Padova"]

{[%evp 30,124,16,33,36,25,66,52,47,39,50,29,133,140,133,127,133,133,143,75,108,86,104,85,128,122,206,200,397,131,117,27,55,0,0,0,0,0,0,0,0,-119,-127,-125,-108,-109,-101,-253,-175,-257,-260,-260,-252,-255,-251,-550,-550,-579,-533,-590,-588,-591,-587,-587,-579,-504,-470,-637,-625,-614,-565,-655,-611,-617,-614,-856,-836,-756,-711,-710,-737,-652,-861,-933,-922,-1658,-1709,-1734,-1636,-1018,-864,-1760,-1181,-1668,-1634,-1344,-1330]} 1. Nf3 d5 2. d4 Nf6 3. c4 c6 4. Nc3 dxc4 5. a4 Bf5 6. Ne5 {[%cal Bf3e5,Be5c4,Bc4e3,Be3f5,Bf5d4][%mdl 32]} Nbd7 7. Nxc4 Qc7 8. g3 e5 9. dxe5 Nxe5 10. Bf4 Nfd7 11. Bg2 g5 {D17: Slav Defence: 5 a4 Bf5: Lines with 6 Nh4 and 6 Ne5} (11... f6 12. O-O g5 13. Nxe5 gxf4 14. Nxd7 Qxd7 15. a5 fxg3 16. hxg3 Qxd1 17. Rfxd1 a6 18. Rd4 Rd8 19. Rad1 Rxd4 20. Rxd4 {1-0 (48) So,W (2775)-Akopian,V (2648) Doha 2015}) 12. Ne3 gxf4 13. Nxf5 O-O-O 14. Qc2 Kb8 15. O-O-O Ng4 16. Ne4 {LiveBook: 4 Games} Qe5 17. Nd4 Bg7 18. gxf4 $146 ({Predecessor:} 18. Nd6 Nxf2 19. Nxb7 {½-½ (56) Coleman,J (2144)-Nomin Erdene,D (2107) Kecskemet 2014}) 18... Qxf4+ 19. e3 Qc7 $1 20. Nd6 Nb6 (20... Bxd4 $1 $11 21. Rxd4 Nb6) 21. Nxb7 $1 $16 Rxd4 (21... Kxb7 $2 22. Nxc6 Rxd1+ 23. Rxd1 $18) 22. Rxd4 Bxd4 23. Na5 $36 {[%mdl 2048] White has strong initiative.} Bxe3+ 24. fxe3 ({White should play} 24. Kb1 $1 Nxf2 25. Re1) 24... Ne5 25. Rd1 (25. Nxc6+ $2 Nxc6 26. Qxc6 Qxc6+ 27. Bxc6 Rc8 $19) 25... Rg8 26. Kb1 {[%cal Ra5c6]} (26. Nxc6+ $2 Nxc6 27. Bxc6 Rc8 $19) 26... Rg6 27. Be4 Rh6 (27... Rf6 $16 28. Bxh7 Nbd7) 28. Rc1 $18 {[%cal Ra5c6]} Rh4 $2 (28... c5 {might work better.} 29. Rg1 (29. Qxc5 Qxc5 30. Rxc5 f6 $14) 29... Qe7 30. Rg8+ Kc7) 29. Rg1 $2 (29. Qg2 $1 $18 {and the rest is easy.} Nc8 30. Nxc6+ Nxc6 31. Rxc6) 29... Qd6 $16 {[#]} 30. Bxc6 ({Better is} 30. Rd1 $1 $16 {[%cal Rd1d6]} Qc7 31. Qg2 (31. Nxc6+ Nxc6 32. Qxc6 Qxc6 $11) (31. Bxc6 Nec4 $11)) 30... Nec4 31. Bh1 (31. Rg8+ $14 Kc7 32. Bb5) 31... Qxh2 $11 32. Rg8+ Kc7 33. Bg2 Qg1+ $1 34. Ka2 Qxe3 35. Bf1 (35. Nb3 $11 {keeps the balance.}) 35... Qd2 $17 36. Qxd2 Nxd2 {[%cal Rh4a4]} 37. Bb5 Nxa4 38. Ka3 $2 (38. Rg2 $17 Rh5 39. Bxa4 Rxa5 40. Rxd2 Rxa4+ 41. Kb3) 38... Nc5 39. Be8 (39. b3 $142) 39... Kb6 $19 40. Rg5 Re4 41. b4 {[#]} Nb1+ $1 ({Much less strong is} 41... Rxe8 42. Rxc5 Re6 43. Ka4 $17) 42. Kb2 $2 (42. Ka2 {was the only chance.} Rxb4 43. Nc4+ Rxc4 44. Kxb1) 42... Rxb4+ {Black is clearly winning.} (42... Rxe8 43. Nc4+ Kb5 44. Nd6+ Kxb4 45. Nxe8 $11) 43. Kc2 Na3+ ({Not} 43... Kxa5 44. Rxc5+ Kb6 45. Rc6+ Ka5 46. Rc5+ Ka6 47. Rc6+ Ka5 48. Rc5+ $15) 44. Kc3 Ne4+ ({Less strong is} 44... Kxa5 45. Rxc5+ Nb5+ 46. Bxb5 $17) 45. Kxb4 Nxg5 {[%mdl 4096] Endgame KBN-KNN} 46. Nb3 Nc2+ 47. Kc3 Ne3 48. Kd4 Nf5+ 49. Ke5 Ng7 50. Bd7 N7e6 51. Nd2 Kc5 52. Nf1 h5 53. Kf5 a5 54. Ne3 h4 {[%cal Bh5h4,Bh4h3][%mdl 32]} 55. Kg4 h3 {Strongly threatening ...h2.} 56. Kg3 Nd4 57. Ng4 f5 {[%cal Bf7f5,Bf5f4][%mdl 32]} 58. Nh2 Nde6 59. Nf1 Kd4 60. Kh2 f4 61. Nd2 Kc3 62. Nb1+ Kb4 {Precision: White = 35%, Black = 69%.} 0-1